000 00451cam a2200181 a 4500
020 _a0835919056
040 _cDLC
082 0 0 _a636 RES 1982 A040 Or.
100 1 _aCullison, Arthur Edison,
245 1 0 _aFeeds and feeding /
250 _a3rd ed.
260 _aReston, Va. :
_bReston Pub. Co.,
_cc1982.
300 _axii, 628 p. :
_bill. ;
_c24 cm.
650 0 _aFeeds.
650 0 _aAnimal nutrition.
650 0 _aAnimal feeding.
942 _cEK
999 _c12240
_d12240